Subdivisions de régions administratives du Québec - Statistiques

Statistiques générales
  • Ce quiz a été pris 77 fois
  • Le résultat moyen est 14 sur 104
Statistiques - réponses
Régions Subdivisions % Correct
Montréal Agglomération de Montréal
75%
Laval Laval
68%
Capitale-Nationale Agglomération de Québec
61%
Estrie Sherbrooke
54%
Chaudière-Appalaches Lévis
46%
Mauricie Trois-Rivières
46%
Saguenay–Lac-Saint-Jean Saguenay
39%
Mauricie Shawinigan
36%
Montérégie Agglomération de Longueuil
32%
Centre-du-Québec Drummond
32%
Outaouais Gatineau
32%
Chaudière-Appalaches Lotbinière
29%
Bas-Saint-Laurent Matane
25%
Chaudière-Appalaches Bellechasse
21%
Lanaudière Joliette
21%
Capitale-Nationale La Côte-de-Beaupré
21%
Capitale-Nationale Portneuf
21%
Abitibi-Témiscamingue Rouyn-Noranda
21%
Abitibi-Témiscamingue Témiscamingue
21%
Abitibi-Témiscamingue Abitibi
18%
Centre-du-Québec Bécancour
18%
Capitale-Nationale Charlevoix
18%
Bas-Saint-Laurent Kamouraska
18%
Chaudière-Appalaches La Nouvelle-Beauce
18%
Lanaudière L'Assomption
18%
Bas-Saint-Laurent Rivière-du-Loup
18%
Mauricie Agglomération de La Tuque
14%
Bas-Saint-Laurent La Matapédia
14%
Laurentides La Rivière-du-Nord
14%
Montérégie La Vallée-du-Richelieu
14%
Estrie Le Granit
14%
Centre-du-Québec L'Érable
14%
Chaudière-Appalaches L'Islet
14%
Mauricie Maskinongé
14%
Lanaudière Matawinie
14%
Chaudière-Appalaches Montmagny
14%
Gaspésie–Îles-de-la-Madeleine Agglomération des Îles-de-la-Madeleine
11%
Capitale-Nationale La Jacques-Cartier
11%
Mauricie Les Chenaux
11%
Chaudière-Appalaches Les Etchemins
11%
Laurentides Les Pays-d'en-Haut
11%
Mauricie Mékinac
11%
Estrie Memphrémagog
11%
Laurentides Mirabel
11%
Outaouais Papineau
11%
Bas-Saint-Laurent Rimouski-Neigette
11%
Bas-Saint-Laurent Témiscouata
11%
Montérégie Acton
7%
Chaudière-Appalaches Beauce-Sartigan
7%
Gaspésie–Îles-de-la-Madeleine Bonaventure
7%
Capitale-Nationale Charlevoix-Est
7%
Estrie Coaticook
7%
Lanaudière D'Autray
7%
Côte-Nord La Haute-Côte-Nord
7%
Gaspésie–Îles-de-la-Madeleine La Haute-Gaspésie
7%
Montérégie La Haute-Yamaska
7%
Bas-Saint-Laurent La Mitis
7%
Outaouais La Vallée-de-la-Gatineau
7%
Abitibi-Témiscamingue La Vallée-de-l'Or
7%
Saguenay–Lac-Saint-Jean Le Fjord-du-Saguenay
7%
Estrie Le Haut-Saint-François
7%
Chaudière-Appalaches Les Appalaches
7%
Laurentides Les Laurentides
7%
Lanaudière Les Moulins
7%
Capitale-Nationale L'Île-d'Orléans
7%
Côte-Nord Manicouagan
7%
Saguenay–Lac-Saint-Jean Maria-Chapdelaine
7%
Lanaudière Montcalm
7%
Centre-du-Québec Nicolet-Yamaska
7%
Montérégie Pierre-De Saurel
7%
Chaudière-Appalaches Robert-Cliche
7%
Montérégie Roussillon
7%
Montérégie Vaudreuil-Soulanges
7%
Abitibi-Témiscamingue Abitibi-Ouest
4%
Laurentides Antoine-Labelle
4%
Laurentides Argenteuil
4%
Centre-du-Québec Arthabaska
4%
Gaspésie–Îles-de-la-Madeleine Avignon
4%
Montérégie Beauharnois-Salaberry
4%
Montérégie Brome-Missisquoi
4%
Côte-Nord Caniapiscau
4%
Laurentides Deux-Montagnes
4%
Nord-du-Québec Eeyou Istchee Baie-James
4%
Nord-du-Québec Kativik
4%
Gaspésie–Îles-de-la-Madeleine La Côte-de-Gaspé
4%
Saguenay–Lac-Saint-Jean Lac-Saint-Jean-Est
4%
Saguenay–Lac-Saint-Jean Le Domaine-du-Roy
4%
Côte-Nord Le Golfe-du-Saint-Laurent
4%
Montérégie Le Haut-Richelieu
4%
Montérégie Le Haut-Saint-Laurent
4%
Gaspésie–Îles-de-la-Madeleine Le Rocher-Percé
4%
Bas-Saint-Laurent Les Basques
4%
Outaouais Les Collines-de-l'Outaouais
4%
Montérégie Les Jardins-de-Napierville
4%
Montérégie Les Maskoutains
4%
Estrie Les Sources
4%
Estrie Le Val-Saint-François
4%
Montérégie Marguerite-D'Youville
4%
Côte-Nord Minganie
4%
Montérégie Rouville
4%
Côte-Nord Sept-Rivières
4%
Laurentides Thérèse-De Blainville
4%
Nord-du-Québec Eeyou Istchee
0%
Outaouais Pontiac
0%
Aucun quiz correspondant
Distribution des résultats
% des personnes avec chaque résultat
Percentile par nombre de réponses
Votre historique - résultats
Vous n’avez pas pris ce quiz